Rugby // Clubs de Nationale 2 Poule 2 - Statistiques

Statistiques générales
  • Ce quiz a été pris 42 fois
  • Le résultat moyen est 9 sur 12
Statistiques - réponses
Liste des clubs % Correct
Rugby Club Auch
95%
Avenir Valencien
75%
Anglet Olympique
75%
Niort Rugby Club
75%
Saint Jean de Luz Ol
75%
SA Mauleonais
75%
Union Sportive Marmandaise
75%
AS Fleurantine
70%
SC Graulhet
70%
Rugby Club Bassin D Arcachon
60%
Cercle Amical Lannemezanais
55%
US Salles
50%
Aucun quiz correspondant
Distribution des résultats
% des personnes avec chaque résultat
Percentile par nombre de réponses
Votre historique - résultats
Vous n’avez pas pris ce quiz